LEADER 01184nam a2200241 i 4500 001 000000140643 003 CaOOAMICUS 005 20050622000000.0 008 050622s1965 fr u000 u fre u 013 $a114844 040 $aSeMil$bita 100 1 $aRondet, Henri,$c.$0(OLS)http://semarc/name/504 245 10$aHegelianisme et christianisme :$bintroduction théologique à l'étude du système hégélien /$cHenri Rondet. 260 $aParis :$bLethielleux,$c1965. 300 $a160 p. ;$c20 cm. 490 0 $aThéologie, pastorale et spiritualité : recherches et synthèses ;$v18. 600 14$aHegel, Georg Wilhelm Friedrich <1770-1831>.$0(OLS)http://semarc/subject/3904 650 4$aCristianesimo - Filosofia.$0(OLS)http://semarc/subject/584 830 0$aThéologie, pastorale et spiritualité ;$v18.$0(OLS)http://semarc/title/18299 850 $aSeMil 852 $aSeMil$W1$xVenegono$y1$m2R I 302$j93960$B93960$CSeMilBibl$Z2$F99423 $81 996 $6245$aHegelianisme et christianisme :$bintroduction théologique à l'étude du système hégélien$9(OLS)http://semarc/title/205480 996 $6260$aParis :$bLethielleux$9(OLS)http://semarc/publisher/30156 LEADER 01043nam a2200241 i 4500 001 000000118055 003 CaOOAMICUS 005 20021001000000.0 008 021001s1983 it u000 u mul u 013 $a90748 040 $aSeMil$bita 100 1 $aConforti, Guido Maria,$c.$0(OLS)http://semarc/name/5125 245 10$aLettere Pastorali :$b(Ravenna 1902-1905, Parma 1908-1931) /$cGuido Maria Conforti Maria. 260 $aRoma :$bPostulazione Generale Saveriana,$c1983. 300 $a702 p. ;$c24 cm. 500 $aFondo Card. C.M. Martini. 650 4$aConforti, Guido Maria - Insegnamenti.$0(OLS)http://semarc/subject/21553 850 $aSeMil 852 $aSeMil$W1$xVenegono$y1$m2F IV 41$j73386$B73386$CSeMilBibl$Z2$F85435 $81 941 1 $a4 961 $aOmaggio: Martini Card. Carlo Maria 996 $6245$aLettere Pastorali :$b(Ravenna 1902-1905, Parma 1908-1931)$9(OLS)http://semarc/title/173400 996 $6260$aRoma :$bPostulazione Generale Saveriana$9(OLS)http://semarc/publisher/45104